000 00872nab a2200265 u 4500
001 20321
003 HDC
007 cr bn ---aaaaa
008 210304c20100915xx dr|noo 0 a eng d
040 _aHDC
100 _aGrzesik, Monika
_eauthor
_918397
245 0 _aUAE: Time to pitch the 'halal holiday' / by
_cMonika Grzesik
260 _a[No place] :
_b[publisher not identified],
_c2010
300 _a1 online resource
336 _atext
_2rdacontent
337 _acomputer
_2rdamedia
338 _aonline resource
_2rdacarrier
650 _aHoliday season
_918398
650 _aholy month
_912441
710 _aHalal Focus
856 _zRequest full-text at [email protected]
942 _2lcc
942 _cNEWS
942 _kNWSO 006395
999 _c17637
_d17637